000 00564nam a2200205Ia 4500
005 20250923145919.0
008 008 250917s9999 xx 000 0 eng d
037 _aTextual
040 _aDSWL
_beng
_cDSWL
041 _aeng
_2eng
084 _aYX;1-8x, N84;6
_qDSWL
100 _aKshirsagar, R.K.
_9840243
245 0 _aUntouchability in India
_c by R.K. Kshirsagar
260 _aNew Delhi
_bDeep & Deep
_c1989
300 _a376p.
365 _aINR
_b70.00
925 _g70.00
942 _cTEXL
_hYX;1-8x, N84;6
999 _c1457297
_d1457297